Tepelné spracovanie zvarových spojov modifikovanej CrMo ocele typu P23 : Diplomová práca

Salvato in:
Dettagli Bibliografici
Autore principale: Frtús, Vladimír (Autore)
Altri autori: Pecha, Jozef (xxx)
Natura: Manoscritto Libro
Lingua:slovacco
Pubblicazione: Trnava : STU v Bratislave MtF KMI, 2007
Soggetti:
Tags: Aggiungi Tag
Nessun Tag, puoi essere il primo ad aggiungerne!!

MARC

LEADER 00000ntm a22000003a 4500
001 stu143800
005 20160719155738.1
008 070803s2007----xo------------------slo-d
040 |a STU  |b slo 
041 0 |a slo 
044 |a xo 
100 1 |a Frtús, Vladimír  |4 aut 
245 1 |a Tepelné spracovanie zvarových spojov modifikovanej CrMo ocele typu P23 :  |b Diplomová práca 
260 |a Trnava :  |b STU v Bratislave MtF KMI,  |c 2007 
300 |a 86 s  |c 1 CD-ROM 
500 |a Program: inžinierstvo povrchov 
650 7 |a tepelné spracovanie  |2 stusub 
700 1 |a Pecha, Jozef  |4 xxx 
996 |b 284M076791  |c M*DP-6677  |l MMSKP  |s P  |a 0  |w stu143800_0001